00362nam a22001457a 450000500170000000800410001702000180005804100080007608200100008410000240009424500360011826000300015430000080018465000240019220211202162924.0160701b xxu||||| |||| 00| 0 eng d a81-88458-48-1 aeng b17411 a Dogra, Dr. Rakesh. aElectrical Engineering Material bS.K. Kataria & Sonsc2012 a334 aDiploma Engineering